[Event "4NCL-9899A WG-WES"]
[Site "Rd5-Birmingham"]
[Date "1999.01.23"]
[Round "5.6"]
[White "Upton, Ian"]
[Black "Littlewood, Paul"]
[Result "1/2-1/2"]
[WhiteElo "2225"]
[BlackElo "2430"]
[PlyCount "52"]
[EventDate "1999.01.23"]

1. d4 Nf6 2. c4 e6 3. Nc3 Bb4 4. e3 O-O 5. Nf3 d5 6. Bd3 c5 7. O-O cxd4 8. exd4
dxc4 9. Bxc4 b6 10. Bg5 Bb7 11. Qe2 Bxc3 12. bxc3 Nbd7 13. Bd3 Qc7 14. Rfc1 h6
15. Bd2 Rfe8 16. Rf1 Nd5 17. Qe4 N5f6 18. Qe2 Rad8 19. a4 Nd5 20. Bb5 a6 21.
Bxa6 Nxc3 22. Bxc3 Bxa6 23. Qxa6 Qxc3 24. a5 bxa5 25. Qxa5 Qxa5 26. Rxa5 Ra8
1/2-1/2

[Event "4NCL-9899A WG-WES"]
[Site "Rd5-Birmingham"]
[Date "1999.01.23"]
[Round "5.7"]
[White "Sowray, Peter"]
[Black "Simons, Martin"]
[Result "0-1"]
[WhiteElo "2336"]
[BlackElo "2233"]
[PlyCount "94"]
[EventDate "1999.01.23"]

1. Nf3 d6 2. g3 e5 3. d3 Be7 4. Bg2 h5 5. h4 c6 6. c4 Bg4 7. Nc3 Nd7 8. Rb1 a5
9. a3 Nh6 10. b4 axb4 11. axb4 f6 12. b5 Qc7 13. O-O Nf7 14. Be3 g5 15. Qd2
Bxf3 16. Bxf3 gxh4 17. bxc6 bxc6 18. Nb5 Qc8 19. Na7 Rxa7 20. Bxa7 hxg3 21.
fxg3 h4 22. Qb2 hxg3 23. Qb7 Qxb7 24. Rxb7 Nd8 25. Rc7 Rh2 26. Bg2 Nf8 27. Be3
Nfe6 28. Ra7 d5 29. Rf3 dxc4 30. Rxg3 Rh4 31. Ra4 f5 32. Bf2 cxd3 33. Rg8+ Kf7
34. Bxh4 Bxh4 35. Rxd8 dxe2 36. Rd7+ Ke8 37. Bxc6 e1=Q+ 38. Kg2 Qf2+ 39. Kh1
Qf1+ 40. Kh2 Qf2+ 41. Kh1 Qf1+ 42. Kh2 Bg3+ 43. Kxg3 Qg1+ 44. Kh3 Ng5+ 45. Kh4
Nf3+ 46. Bxf3 Kxd7 47. Kh5 e4 0-1

[Event "4NCL-9899A WG-WES"]
[Site "Rd5-Birmingham"]
[Date "1999.01.23"]
[Round "5.8"]
[White "Howard, Emily"]
[Black "Jackson, Sheila"]
[Result "1/2-1/2"]
[WhiteElo "2047"]
[BlackElo "2168"]
[PlyCount "40"]
[EventDate "1999.01.23"]

1. e4 e5 2. Nf3 Nc6 3. Nc3 Nf6 4. d4 exd4 5. Nxd4 Bb4 6. Nxc6 bxc6 7. Bd3 d5 8.
exd5 cxd5 9. O-O O-O 10. Bg5 c6 11. Qf3 Bd6 12. h3 Rb8 13. Rab1 Be6 14. Ne2 h6
15. Bxf6 Qxf6 16. Qxf6 gxf6 17. c3 c5 18. b3 Rb6 19. c4 d4 20. Ng3 Rfb8 1/2-1/2

[Event "4NCL-9899A BCM-BA1"]
[Site "Rd6-Birmingham"]
[Date "1999.01.24"]
[Round "6.1"]
[White "Mestel, Jonathan"]
[Black "Pert, Nicholas"]
[Result "0-1"]
[WhiteElo "2485"]
[BlackElo "2443"]
[PlyCount "172"]
[EventDate "1999.01.24"]

1. c4 f5 2. g3 Nf6 3. Bg2 d6 4. Nc3 e5 5. e3 Be7 6. Nge2 O-O 7. d3 c6 8. b4 a6
9. O-O Be6 10. f4 Nbd7 11. Rb1 Qc8 12. a4 Bf7 13. Qc2 Kh8 14. Bd2 Re8 15. Bh3
Be6 16. Rbe1 Nf8 17. b5 axb5 18. axb5 g6 19. bxc6 bxc6 20. c5 Qc7 21. cxd6 Bxd6
22. Bg2 Rac8 23. Rb1 N8d7 24. Rfc1 Bf7 25. h3 Qd8 26. Rb7 Kg8 27. Ra1 exf4 28.
gxf4 Nc5 29. Rba7 Bb8 30. R7a5 Nxd3 31. Na4 Nxf4 32. Nxf4 Bxf4 33. exf4 Qd4+
34. Kh2 Qxa1 35. Bc3 Qa3 36. Bxf6 Qb4 37. Qc3 Qxf4+ 38. Qg3 Qxg3+ 39. Kxg3 Ra8
40. Rxa8 Rxa8 41. Nc5 Bd5 42. Bxd5+ cxd5 43. Kf4 Kf7 44. Bd4 Ra3 45. h4 Rh3 46.
Bf2 d4 47. Bg3 h6 48. Kf3 Rh1 49. Bf2 g5 50. hxg5 hxg5 51. Bxd4 Kg6 52. Ne6
Rh3+ 53. Kg2 Rd3 54. Bc5 Kf6 55. Nd4 Ke5 56. Ne2 f4 57. Kf1 Ke4 58. Be7 g4 59.
Bg5 Kf3 60. Ng1+ Ke3 61. Ne2 Rd1+ 62. Kg2 Kxe2 63. Bxf4 Rd3 64. Bc7 Rf3 65. Bd6
Ke3 66. Be5 Ke4 67. Bd6 Kf5 68. Bb8 Rd3 69. Bc7 Kg5 70. Be5 Re3 71. Bc7 Re8 72.
Bd6 Re6 73. Bc7 Ra6 74. Bd8+ Kh5 75. Bc7 Ra2+ 76. Kg3 Ra3+ 77. Kg2 Rd3 78. Be5
Kg5 79. Kh2 Rf3 80. Bd6 Re3 81. Bc7 Rd3 82. Be5 Rd5 83. Bc7 Rd2+ 84. Kg3 Rd3+
85. Kg2 Kh4 86. Ba5 g3 0-1

[Event "4NCL-9899A BCM-BA1"]
[Site "Rd6-Birmingham"]
[Date "1999.01.24"]
[Round "6.2"]
[White "Knott, Simon"]
[Black "Richardson, John"]
[Result "1/2-1/2"]
[WhiteElo "2343"]
[BlackElo "2318"]
[PlyCount "57"]
[EventDate "1999.01.24"]

1. c4 e5 2. Nc3 Nf6 3. Nf3 Nc6 4. e4 Bb4 5. d3 Bxc3+ 6. bxc3 d6 7. g3 O-O 8.
Bg2 a6 9. a4 Bd7 10. O-O Qc8 11. Bg5 Ne8 12. Nh4 Bh3 13. Bxh3 Qxh3 14. Nf5 f6
15. Bc1 g6 16. Ne3 f5 17. exf5 gxf5 18. f4 Rf7 19. Ra2 Ng7 20. Rb2 Nd8 21. Qf3
exf4 22. Qxf4 Nde6 23. Qf3 f4 24. Qg4 Qh5 25. gxf4 Nc5 26. Rg2 Kh8 27. d4 Qxg4
28. Nxg4 Nd3 29. Nh6 1/2-1/2

[Event "4NCL-9899A BCM-BA1"]
[Site "Rd6-Birmingham"]
[Date "1999.01.24"]
[Round "6.3"]
[White "Lyell, Mark"]
[Black "Lehtivaara, Petri"]
[Result "0-1"]
[WhiteElo "2221"]
[BlackElo "2365"]
[PlyCount "74"]
[EventDate "1999.01.24"]

1. e4 e6 2. d4 d5 3. e5 c5 4. c3 Nc6 5. Nf3 Bd7 6. Be2 f6 7. O-O fxe5 8. Nxe5
Nxe5 9. dxe5 Qc7 10. c4 Qxe5 11. Bh5+ g6 12. Bf3 O-O-O 13. cxd5 exd5 14. Nc3
Bc6 15. Re1 Qd6 16. Bg4+ Kb8 17. Ne4 Qc7 18. Ng5 Bd6 19. Ne6 Qb6 20. b4 Nf6 21.
bxc5 Bxc5 22. Bf4+ Bd6 23. Rb1 Qa5 24. Qd4 Ne4 25. Rxe4 dxe4 26. Bxd6+ Ka8 27.
Nxd8 Rxd8 28. Qf6 Re8 29. Be6 e3 30. Bb4 Qb6 31. Bc4 a5 32. Bf7 Qxb4 33. Rxb4
e2 34. h3 e1=Q+ 35. Kh2 axb4 36. Bxe8 Qxe8 37. Qd6 Qb8 0-1

[Event "4NCL-9899A BCM-BA1"]
[Site "Rd6-Birmingham"]
[Date "1999.01.24"]
[Round "6.4"]
[White "Hansen, Carsten"]
[Black "Cafferty, Bernard"]
[Result "1-0"]
[WhiteElo "2310"]
[BlackElo "2221"]
[PlyCount "201"]
[EventDate "1999.01.24"]

1. d4 Nf6 2. c4 e6 3. Nf3 Bb4+ 4. Nbd2 b6 5. a3 Bxd2+ 6. Bxd2 Bb7 7. Bg5 h6 8.
Bh4 d6 9. e3 Qe7 10. Rc1 Nbd7 11. Bg3 Ne4 12. Qc2 O-O 13. Bd3 Nxg3 14. hxg3 c5
15. O-O Rac8 {(Draw offer)} 16. b4 Rc7 17. Rfd1 Rfc8 18. Qb1 Kf8 19. Nd2 Nf6
20. Nb3 cxb4 21. axb4 Ng4 22. Be2 Qg5 23. Bxg4 Qxg4 24. c5 dxc5 25. bxc5 Be4
26. Qb2 Bd5 27. Re1 Kg8 28. cxb6 axb6 29. Rxc7 Rxc7 30. Nd2 f5 31. Qxb6 Rc2 32.
Qb4 h5 33. Nf1 Qg6 34. Qb8+ Kh7 35. Qf4 Qh6 36. Qd6 h4 {(Draw offer)} 37. gxh4
Qxh4 38. Qg3 Qxg3 39. Nxg3 Rd2 40. Nf1 Rc2 41. Ng3 Kg6 42. f3 Bc4 43. Kh2 Kf7
44. Ra1 Ba2 45. Re1 Bc4 46. Rb1 Bd5 47. e4 Bc6 48. Rb6 g6 49. Kh3 fxe4 50. fxe4
Rc4 51. Kg4 Bd7 52. Rd6 Ke7 53. e5 Bc6 54. Ne2 Be4 55. Kg5 Rc6 56. Rxc6 Bxc6
57. g4 Kf7 58. Nf4 Be4 59. Kh6 Bf3 60. Kg5 Be4 61. Ne2 Bc6 62. Nc3 Kg7 63. Kf4
Kf7 64. g5 Ke7 65. Ke3 Kd7 66. Kd3 Bg2 67. Kc4 Bf1+ 68. Kc5 Bg2 69. Kb6 Bf3 70.
Na4 Bd5 71. Nc5+ Kd8 72. Nd3 Kd7 73. Nf2 Bf3 74. Nd3 Bd5 75. Nb4 Be4 76. Na6
Bd5 77. Nc5+ Kd8 78. Nb7+ Kd7 79. Nd6 Bf3 80. Nf7 Be4 81. Nh6 Bf3 82. Ng8 Bg2
83. Nf6+ Ke7 84. Kc7 Bf3 85. Nd7 Be4 86. Nb6 Bf3 87. Nc8+ Ke8 88. Kd6 Bg4 89.
Ne7 Kf7 90. Kd7 Bd1 91. Nc6 Ba4 92. Kd6 Ke8 93. Kxe6 Bxc6 94. d5 Bxd5+ 95. Kxd5
Kd7 96. e6+ Ke8 97. Ke4 Kf8 98. Kd4 Ke8 99. Kd5 Kf8 100. Kd6 Ke8 101. e7 1-0

[Event "4NCL-9899A BCM-BA1"]
[Site "Rd6-Birmingham"]
[Date "1999.01.24"]
[Round "6.5"]
[White "Friedgood, David"]
[Black "Pritchett, Craig"]
[Result "1-0"]
[WhiteElo "2240"]
[BlackElo "2325"]
[PlyCount "55"]
[EventDate "1999.01.24"]

1. c4 e5 2. Nc3 Nf6 3. Nf3 Nc6 4. e4 Bb4 5. d3 O-O 6. g3 Re8 7. Bg2 d6 8. O-O
h6 9. h3 a6 10. Nd5 Bc5 11. Rb1 a5 12. Ne3 Be6 13. Kh2 Qd7 14. Nh4 Nd4 15. f4
Qd8 16. f5 Bd7 17. Ng4 c6 18. Nxf6+ Qxf6 19. Qh5 Bb6 20. g4 Bd8 21. g5 hxg5 22.
Ng6 fxg6 23. fxg6 Nf5 24. Bxg5 Qxg5 25. Qh7+ Kf8 26. Rxf5+ Bxf5 27. Qh8+ Ke7
28. Qxg7+ 1-0

[Event "4NCL-9899A BCM-BA1"]
[Site "Rd6-Birmingham"]
[Date "1999.01.24"]
[Round "6.6"]
[White "Dishman, Stephen"]
[Black "Harari, Zaki"]
[Result "1-0"]
[WhiteElo "2365"]
[BlackElo "2235"]
[PlyCount "107"]
[EventDate "1999.01.24"]

1. d4 c5 2. d5 e5 3. e4 d6 4. Nc3 Be7 5. Nf3 Bg4 6. Be2 Nf6 7. O-O O-O 8. Nd2
Bxe2 9. Qxe2 Nbd7 10. Nc4 Ne8 11. a4 g6 12. Bh6 Ng7 13. Qd2 Nb6 14. Nxb6 Qxb6
15. a5 Qd8 16. f4 exf4 17. Qxf4 Qd7 18. g4 f6 19. Rf3 Rae8 20. Qg3 Bd8 21. h4
Rf7 22. Bf4 Bc7 23. Kh2 a6 24. Re1 Rd8 25. Ra1 Qe7 26. h5 g5 27. Bd2 h6 28.
Rff1 Re8 29. Rfe1 Qd8 30. Nd1 Rfe7 31. Nf2 Rf8 32. Bc3 Qe8 33. Qf3 Qb5 34. Nh1
Re5 35. Ng3 Qc4 36. b3 Qb5 37. Rf1 Qe8 38. Rae1 Qe7 39. Kh3 Rf7 40. Re2 Kf8 41.
Ref2 Ke8 42. Bxe5 Qxe5 43. Re2 Bxa5 44. Nf5 Bd8 45. Nxh6 Rc7 46. Nf5 Kf8 47. h6
Ne8 48. c4 Rh7 49. Kg2 Ba5 50. Qh3 Kg8 51. Qh5 Bc3 52. Qg6+ Kh8 53. Rh1 Bd4 54.
Ng7 1-0

[Event "4NCL-9899A BCM-BA1"]
[Site "Rd6-Birmingham"]
[Date "1999.01.24"]
[Round "6.8"]
[White "Lauterbach, Ingrid"]
[Black "Milligan, Helen"]
[Result "0-1"]
[WhiteElo "2171"]
[BlackElo "2054"]
[PlyCount "78"]
[EventDate "1999.01.24"]

1. e4 e6 2. d3 d5 3. Nd2 Nf6 4. g3 c5 5. Bg2 Nc6 6. Ngf3 b6 7. O-O Be7 8. Re1
Bb7 9. c3 Qc7 10. Qe2 dxe4 11. dxe4 O-O 12. Nc4 Rad8 13. Bf4 Qc8 14. e5 Nd5 15.
Bg5 Ba6 16. Qe4 Bxc4 17. Qxc4 Rd7 18. Qg4 Rfd8 19. Bxe7 Ncxe7 20. Ng5 Ng6 21.
f4 c4 22. Ne4 b5 23. h4 h6 24. Qf3 a5 25. a3 Nge7 26. Qf2 Qb8 27. Nd6 Nc8 28.
Ne4 Ndb6 29. Bf3 Na4 30. Rad1 Qc7 31. Rxd7 Rxd7 32. Bd1 Nab6 33. Bc2 Rd5 34.
Qf3 Nd7 35. Qg4 Kf8 36. Rd1 Ne7 37. Kf1 Nf5 38. Qe2 Nc5 39. Re1 Nxe4 0-1

[Event "4NCL-9899A BIG1-IK"]
[Site "Rd6-Birmingham"]
[Date "1999.01.24"]
[Round "6.1"]
[White "McShane, Luke"]
[Black "Sadler, Matthew"]
[Result "0-1"]
[WhiteElo "2497"]
[BlackElo "2668"]
[PlyCount "94"]
[EventDate "1999.01.24"]

1. e4 c5 2. Nf3 d6 3. d4 cxd4 4. Nxd4 Nf6 5. Nc3 a6 6. Be3 e5 7. Nf3 Be7 8. a4
h6 9. a5 Be6 10. Nd2 Nc6 11. Bb6 Qd7 12. Nc4 O-O 13. Be3 Bxc4 14. Bxc4 Bd8 15.
Nd5 Nxe4 16. c3 Nxa5 17. Rxa5 Bxa5 18. Qd3 Qg4 19. f3 Qh4+ 20. g3 Nxg3 21. Rg1
Nh5+ 22. Bf2 Qh3 23. Rg4 e4 24. Rxe4 Rae8 25. Ne7+ Kh8 26. Bxf7 Nf4 27. Ng6+
Nxg6 28. Rxe8 Rxe8+ 29. Bxe8 Qe6+ 30. Qe2 Ne5 31. Bh5 Qf5 32. f4 Nd3+ 33. Kf1
Nxf4 34. Bg4 Qb1+ 35. Qe1 Qd3+ 36. Kg1 Qd5 37. Qf1 Qg5 38. h3 h5 39. Be3 Nxh3+
40. Qxh3 Qxg4+ 41. Qxg4 hxg4 42. Kg2 d5 43. Kg3 Kh7 44. Kxg4 Kg6 45. Bd4 Bd8
46. Be3 Bf6 47. Bf4 Kf7 0-1

[Event "4NCL-9899A BIG1-IK"]
[Site "Rd6-Birmingham"]
[Date "1999.01.24"]
[Round "6.3"]
[White "Arkell, Keith"]
[Black "Gormally, Danny"]
[Result "1/2-1/2"]
[WhiteElo "2438"]
[BlackElo "2456"]
[PlyCount "30"]
[EventDate "1999.01.24"]

1. d4 d5 2. c4 c6 3. Nf3 Nf6 4. Nc3 dxc4 5. a4 Bf5 6. Nh4 Bc8 7. e3 e5 8. Bxc4
exd4 9. exd4 Be7 10. O-O O-O 11. Re1 Nd5 12. Nf3 Be6 13. Qb3 Na6 14. Bd2 Nac7
15. a5 Rb8 1/2-1/2

[Event "4NCL-9899A BIG1-IK"]
[Site "Rd6-Birmingham"]
[Date "1999.01.24"]
[Round "6.5"]
[White "Hunt, Harriet"]
[Black "Ledger, Andrew"]
[Result "1/2-1/2"]
[WhiteElo "2413"]
[BlackElo "2459"]
[PlyCount "61"]
[EventDate "1999.01.24"]

1. e4 e5 2. Nf3 Nf6 3. Nxe5 d6 4. Nf3 Nxe4 5. Nc3 Nxc3 6. dxc3 Be7 7. Be3 O-O
8. Qd2 Nd7 9. O-O-O Nf6 10. Bd3 c5 11. h3 Qa5 12. Kb1 b5 13. Rhe1 Re8 14. c4 b4
15. g4 Bb7 16. Nh4 Ne4 17. Bxe4 Bxe4 18. Nf5 Bf3 19. Nxe7+ Rxe7 20. Bg5 Rxe1
21. Rxe1 Qa6 22. Qd3 Bb7 23. Rd1 Re8 24. b3 Be4 25. Qd2 Bg6 26. Be3 h6 27. h4
Be4 28. h5 Re6 29. Rg1 f6 30. Qd1 Qc6 31. Qd2 1/2-1/2

[Event "4NCL-9899A BIG1-IK"]
[Site "Rd6-Birmingham"]
[Date "1999.01.24"]
[Round "6.6"]
[White "McDonald, Neil"]
[Black "Collinson, Adam"]
[Result "1/2-1/2"]
[WhiteElo "2454"]
[BlackElo "2405"]
[PlyCount "131"]
[EventDate "1999.01.24"]

1. d4 Nf6 2. Bg5 e6 3. e4 h6 4. Bxf6 Qxf6 5. c3 d6 6. Nd2 a6 7. Ngf3 Nd7 8. g3
g6 9. Bg2 Bg7 10. O-O O-O 11. Qc2 Qe7 12. Rfe1 b6 13. Rad1 Bb7 14. Bh3 Rfe8 15.
Nh4 e5 16. d5 Nf8 17. c4 Nh7 18. b4 Ng5 19. Bg2 a5 20. a3 axb4 21. axb4 Bc8 22.
Ra1 Nh3+ 23. Kf1 Bd7 24. Qc3 Nf4 25. Rxa8 Rxa8 26. Ra1 Rxa1+ 27. Qxa1 Kh7 28.
Qb1 Nxg2 29. Kxg2 Bf8 30. Nf1 Qd8 31. Ne3 Qc8 32. Nf3 Bh3+ 33. Kh1 Qa6 34. g4
Qc8 35. Qg1 Qa8 36. Qg3 Qa1+ 37. Ng1 Bf1 38. Qf3 Kg8 39. Nxf1 Qxf1 40. Qe2 Qb1
41. b5 Be7 42. Kg2 Bg5 43. Nh3 Kg7 44. f3 Bh4 45. Ng1 Bg5 46. Qf2 Qc1 47. Qf1
Qc2+ 48. Qe2 Qb3 49. Nh3 Be3 50. Nf2 Bd4 51. Nh1 Qb1 52. Ng3 Qg1+ 53. Kh3 Qc1
54. Nf1 Bc5 55. Kg2 Qc3 56. Ng3 Qd4 57. Qf1 Qd2+ 58. Kh1 Qc2 59. Qe2 Qc1+ 60.
Nf1 Qc3 61. Kg2 Qc1 62. Ng3 Qg1+ 63. Kh3 Qc1 64. Qd3 Qe1 65. Qf1 Qc3 66. Kg2
1/2-1/2

[Event "4NCL-9899A BIG1-IK"]
[Site "Rd6-Birmingham"]
[Date "1999.01.24"]
[Round "6.7"]
[White "Baker, Chris W"]
[Black "Dickenson, Neil"]
[Result "1-0"]
[WhiteElo "2390"]
[BlackElo "2315"]
[PlyCount "41"]
[EventDate "1999.01.24"]

1. e4 e6 2. Nf3 d5 3. Nc3 Nf6 4. e5 Ne4 5. Ne2 Bc5 6. d4 Be7 7. Ng3 c5 8. Bd3
Nxg3 9. hxg3 cxd4 10. Nxd4 Qc7 11. Qe2 Bb4+ 12. Bd2 Bxd2+ 13. Kxd2 Nc6 14. Nb5
Qb6 15. Rh4 Bd7 16. Re1 Qa5+ 17. Kd1 Ke7 18. Qe3 h6 19. Qc5+ Kd8 20. Rf4 Qxa2
21. Rxf7 1-0

[Event "4NCL-9899A BIG1-IK"]
[Site "Rd6-Birmingham"]
[Date "1999.01.24"]
[Round "6.8"]
[White "Flear, Christine"]
[Black "Barnes, Michael"]
[Result "1/2-1/2"]
[WhiteElo "2230"]
[BlackElo "2245"]
[PlyCount "103"]
[EventDate "1999.01.24"]

1. d4 Nf6 2. Nf3 g6 3. g3 Bg7 4. Bg2 O-O 5. c4 d6 6. Nc3 Nc6 7. O-O Bf5 8. d5
Nb8 9. Nd4 Bd7 10. h3 c6 11. e4 e5 12. dxc6 bxc6 13. Nc2 Be6 14. Ne3 Nh5 15.
Kh2 Qc7 16. b3 Na6 17. Bb2 Rad8 18. Qe2 Bc8 19. Na4 Qe7 20. Rfd1 Nc7 21. Nf5
gxf5 22. Qxh5 f4 23. gxf4 exf4 24. Bxg7 Kxg7 25. Bf3 Qe5 26. Rg1+ Kh8 27. Rad1
Ne6 28. c5 Qxh5 29. Bxh5 dxc5 30. Rxd8 Rxd8 31. Bxf7 Nd4 32. Bh5 Rd6 33. Nxc5
Ne6 34. Nxe6 Bxe6 35. Rd1 Rxd1 36. Bxd1 Kg7 37. Bg4 Bf7 38. Kg2 Kf6 39. Kf3 Ke5
40. Bf5 Bh5+ 41. Kg2 h6 42. f3 c5 43. Bd7 Bf7 44. Kf2 Kd4 45. h4 a5 {
(Draw offer)} 46. Ke1 c4 47. bxc4 Bxc4 48. a3 Bf7 49. Ke2 Bc4+ 50. Kd2 Bf7 51.
Bg4 Bg8 52. Bd7 1/2-1/2

[Event "4NCL-9899A HH-BR"]
[Site "Rd6-Birmingham"]
[Date "1999.01.24"]
[Round "6.1"]
[White "Hodgson, Julian"]
[Black "Ansell, Simon"]
[Result "1-0"]
[WhiteElo "2565"]
[BlackElo "2400"]
[PlyCount "83"]
[EventDate "1999.01.24"]

1. d4 d5 2. Nf3 c6 3. c4 Nf6 4. e3 Bf5 5. Nc3 e6 6. Nh4 Bg4 7. Qb3 Qb6 8. h3
Bh5 9. g4 Bg6 10. Nxg6 hxg6 11. Bg2 Be7 12. Bd2 Na6 13. Rc1 Qxb3 14. axb3 Nc7
15. Ke2 O-O-O 16. Na2 Kb8 17. Be1 Rhe8 18. Nb4 Nd7 19. Nd3 g5 20. Ba5 Bd6 21.
Rhd1 Rc8 22. Be1 g6 23. Kf1 f5 24. Rc2 Rf8 25. Re2 Rce8 26. Kg1 f4 27. exf4
gxf4 28. Bf3 g5 29. Ba5 Rh8 30. Kg2 Rh6 31. Bxc7+ Bxc7 32. cxd5 cxd5 33. Bxd5
Reh8 34. Bf3 Rxh3 35. Rxe6 Bb6 36. Rg6 Rh2+ 37. Kg1 Bxd4 38. Rxg5 Bb6 39. Rf5
R2h3 40. Bg2 R3h4 41. Nxf4 R8h7 42. Bf3 1-0

[Event "4NCL-9899A HH-BR"]
[Site "Rd6-Birmingham"]
[Date "1999.01.24"]
[Round "6.2"]
[White "Buckley, Graeme"]
[Black "Norwood, David"]
[Result "0-1"]
[WhiteElo "2285"]
[BlackElo "2535"]
[PlyCount "120"]
[EventDate "1999.01.24"]

1. d4 g6 2. c4 Bg7 3. Nc3 c5 4. d5 Bxc3+ 5. bxc3 f5 6. e4 fxe4 7. g4 Qa5 8. Ne2
d6 9. h3 Nf6 10. Bg2 O-O 11. O-O Nbd7 12. Bh6 Rf7 13. Ng3 Qxc3 14. Rc1 Qa3 15.
g5 Ne8 16. Re1 Ne5 17. Rxe4 Ng7 18. Bxg7 Kxg7 19. Qd2 Bf5 20. Re3 Qb4 21. Qe2
Bd7 22. f4 Nxc4 23. Rxc4 Qb1+ 24. Qe1 Qxe1+ 25. Rxe1 b5 26. Rce4 Kf8 27. Kh2 a5
28. h4 b4 29. Bh3 Ke8 30. Be6 Bxe6 31. dxe6 Rf8 32. Rd1 a4 33. Nf1 b3 34. a3
Kd8 35. Ne3 Re8 36. Nd5 Ra5 37. Kg3 Kc8 38. h5 Kb7 39. hxg6 hxg6 40. Nc3 Kc6
41. f5 gxf5 42. Rxa4 Rxa4 43. Nxa4 d5 44. Kf4 Ra8 45. Nb2 c4 46. Ke5 c3 47. Rc1
c2 48. Nd3 Rg8 49. Kxf5 Kb5 50. Nb2 Kc5 51. Ke5 Rxg5+ 52. Kf4 Rg6 53. Ke3 Rxe6+
54. Kd3 d4 55. Rh1 Re3+ 56. Kd2 e5 57. Rh8 Kd5 58. Rh1 Rg3 59. a4 Rg2+ 60. Kc1
e4 0-1

[Event "4NCL-9899A HH-BR"]
[Site "Rd6-Birmingham"]
[Date "1999.01.24"]
[Round "6.3"]
[White "Gallagher, Joe"]
[Black "Beaumont, Chris"]
[Result "1/2-1/2"]
[WhiteElo "2519"]
[BlackElo "2398"]
[PlyCount "40"]
[EventDate "1999.01.24"]

1. e4 c5 2. Nf3 Nc6 3. d4 cxd4 4. Nxd4 g6 5. Nc3 Bg7 6. Nb3 Nf6 7. Be2 O-O 8.
O-O d6 9. Re1 Bd7 10. Bf1 Rc8 11. Nd5 Re8 12. Bg5 Nxd5 13. exd5 Ne5 14. c3 b5
15. Be3 a5 16. Bd4 Qc7 17. Rc1 Bh6 18. Be3 Bg7 19. Bd4 Bh6 20. Be3 Bg7 1/2-1/2

[Event "4NCL-9899A HH-BR"]
[Site "Rd6-Birmingham"]
[Date "1999.01.24"]
[Round "6.4"]
[White "Cobb, Charles"]
[Black "Hennigan, Michael"]
[Result "0-1"]
[WhiteElo "2275"]
[BlackElo "2430"]
[PlyCount "66"]
[EventDate "1999.01.24"]

1. e4 c5 2. Nc3 Nc6 3. Nf3 d6 4. d4 cxd4 5. Nxd4 Nf6 6. Bc4 e6 7. Be3 Qc7 8.
Qe2 a6 9. a3 Be7 10. Ba2 b5 11. f4 b4 12. axb4 Nxb4 13. Bb3 O-O 14. O-O Bb7 15.
Bf2 Rfe8 16. Kh1 d5 17. e5 Ne4 18. Nxe4 dxe4 19. f5 Qxe5 20. c3 Nd3 21. Bg3 Qc5
22. fxe6 f6 23. Nf5 Qb6 24. Qg4 g6 25. Ba4 Bf8 26. Bxe8 Rxe8 27. Nd4 Bg7 28. b4
f5 29. Rxf5 Bxd4 30. cxd4 Qxe6 31. Rg5 Qxg4 32. Rxg4 e3 33. h4 Nf2+ 0-1

[Event "4NCL-9899A HH-BR"]
[Site "Rd6-Birmingham"]
[Date "1999.01.24"]
[Round "6.6"]
[White "Collier, David"]
[Black "Tozer, Richard"]
[Result "0-1"]
[WhiteElo "2245"]
[BlackElo "2305"]
[PlyCount "90"]
[EventDate "1999.01.24"]

1. d4 d5 2. Bg5 c6 3. Nf3 Bf5 4. e3 h6 5. Bh4 Qb6 6. b3 Nd7 7. Bd3 Bxd3 8. Qxd3
Ngf6 9. Nbd2 e6 10. O-O Bd6 11. c4 Qa6 12. e4 dxe4 13. Nxe4 Nxe4 14. Qxe4 O-O
15. Rfe1 Qa3 16. c5 Bc7 17. Nd2 Bd8 18. Nc4 Qa6 19. Re3 Nf6 20. Bxf6 Bxf6 21.
Rf3 Rad8 22. Nd6 Be7 23. Nc4 Rd5 24. Re1 Qxa2 25. Ne5 f5 26. Qe3 Bg5 27. Qd3
Qb2 28. h4 Rxd4 29. Qf1 Bxh4 30. Nc4 Qa2 31. Ra1 Qc2 32. Rc1 Qe4 33. Re3 Qd5
34. Re5 Qd7 35. Qe2 Be7 36. b4 Rf6 37. Re1 Rg6 38. Qa2 Rd1 39. Qxa7 Rxe1+ 40.
Rxe1 Qd5 41. Ne3 Qd2 42. Ra1 Qxb4 43. Qb8+ Bf8 44. Ra8 Qxc5 45. Nc4 Rg4 0-1

[Event "4NCL-9899A HH-BR"]
[Site "Rd6-Birmingham"]
[Date "1999.01.24"]
[Round "6.7"]
[White "Hassabis, Demis"]
[Black "Moskovic, David"]
[Result "1-0"]
[WhiteElo "2176"]
[BlackElo "2248"]
[PlyCount "141"]
[EventDate "1999.01.24"]

1. c4 g6 2. Nc3 Bg7 3. g3 c5 4. Bg2 Nc6 5. e4 e6 6. Nge2 Nge7 7. O-O O-O 8. d3
d6 9. Be3 Nd4 10. Rb1 Nec6 11. a3 b6 12. b4 Bb7 13. f4 Qd7 14. Bf2 Rad8 15. g4
f5 16. gxf5 Nxe2+ 17. Nxe2 exf5 18. e5 dxe5 19. bxc5 Nd4 20. Bxb7 Qxb7 21. Nxd4
exd4 22. cxb6 axb6 23. c5 Qc7 24. Bh4 bxc5 25. Bxd8 Rxd8 26. Qb3+ Kh8 27. Qb7
Qa5 28. Qb6 Qxb6 29. Rxb6 c4 30. dxc4 d3 31. Rb5 Bd4+ 32. Kg2 Re8 33. Rd5 Re4
34. Rd8+ Kg7 35. Rd7+ Kh6 36. Rf3 g5 37. fxg5+ Kxg5 38. Rxd3 Be5 39. Rd2 Rg4+
40. Kf1 Rxc4 41. Rxh7 Rc1+ 42. Kg2 Ra1 43. Ra7 Bc3 44. Rc2 Bd4 45. Ra4 Be3 46.
h4+ Kh5 47. Kf3 Bc1 48. Rc3 f4 49. Rxf4 Bxf4 50. Kxf4 Kxh4 51. Kf5 Ra2 52. Rc4+
Kh5 53. a4 Kh6 54. Rg4 Re2 55. Kf6 Rf2+ 56. Ke5 Kh5 57. Rf4 Ra2 58. Kf6 Rc2 59.
a5 Rc6+ 60. Ke7 Kg5 61. Ra4 Ra6 62. Kd7 Kf6 63. Kc7 Ke5 64. Kb7 Rh6 65. Rc4 Kd5
66. Rc7 Rh1 67. a6 Rb1+ 68. Kc8 Kd6 69. a7 Ra1 70. Kb8 Ra2 71. Rb7 1-0

[Event "4NCL-9899A HH-BR"]
[Site "Rd6-Birmingham"]
[Date "1999.01.24"]
[Round "6.8"]
[White "Buckley, Melanie"]
[Black "Hennigan, Rita"]
[Result "1-0"]
[WhiteElo "2005"]
[BlackElo "2215"]
[PlyCount "81"]
[EventDate "1999.01.24"]

1. e4 c5 2. Nc3 Nc6 3. g3 g6 4. Bg2 Bg7 5. d3 e6 6. Be3 Nd4 7. Qd2 d6 8. Nd1
Ne7 9. c3 Ndc6 10. d4 cxd4 11. cxd4 d5 12. e5 Nf5 13. Ne2 b6 14. Rc1 Qd7 15.
O-O Ba6 16. Re1 O-O 17. Bh3 Nce7 18. Bg5 Rac8 19. Rxc8 Nxc8 20. g4 Nfe7 21. Bf6
Bxe2 22. Rxe2 h6 23. Bf1 Kh7 24. Re3 Rh8 25. Rh3 Kg8 26. Nc3 g5 27. Bxg7 Kxg7
28. f4 gxf4 29. Qxf4 Ng6 30. Qf6+ Kg8 31. Ba6 Nce7 32. Nb5 Nc6 33. Rc3 Rh7 34.
h4 h5 35. gxh5 Rxh5 36. Nd6 Rxh4 37. Bb5 Rg4+ 38. Kh2 Ncxe5 39. dxe5 Qe7 40.
Rc8+ Kh7 41. Rh8+ 1-0

[Event "4NCL-9899A NWE-BA2"]
[Site "Rd6-Birmingham"]
[Date "1999.01.24"]
[Round "6.1"]
[White "Lund, Brett"]
[Black "Crouch, Colin"]
[Result "1/2-1/2"]
[WhiteElo "2295"]
[BlackElo "2430"]
[PlyCount "47"]
[EventDate "1999.01.24"]

1. g3 d5 2. Bg2 c6 3. Nf3 Nf6 4. b3 Bg4 5. Bb2 Nbd7 6. c4 e6 7. O-O Bd6 8. d4
Ne4 9. Nfd2 Nxd2 10. Nxd2 f5 11. Qc2 O-O 12. e3 Qf6 13. f3 Bh5 14. e4 dxe4 15.
fxe4 Qh6 16. c5 Bc7 17. e5 f4 18. Qc3 Be2 19. Rxf4 Rxf4 20. gxf4 Qxf4 21. Re1
Ba6 22. Qe3 Qxe3+ 23. Rxe3 Nf8 24. Ne4 1/2-1/2

[Event "4NCL-9899A NWE-BA2"]
[Site "Rd6-Birmingham"]
[Date "1999.01.24"]
[Round "6.4"]
[White "Palliser, Richard"]
[Black "Littlewood, John"]
[Result "1/2-1/2"]
[WhiteElo "2219"]
[BlackElo "2295"]
[PlyCount "127"]
[EventDate "1999.01.24"]

1. d4 Nf6 2. c4 c5 3. d5 b5 4. cxb5 g6 5. Nc3 Bg7 6. e4 d6 7. Nf3 O-O 8. Be2 a6
9. a4 axb5 10. Bxb5 Ba6 11. Bg5 Bxb5 12. axb5 Rxa1 13. Qxa1 Nbd7 14. O-O Nb6
15. h3 Qc7 16. Nd2 Ra8 17. Qd1 Ne8 18. f4 Bd4+ 19. Kh1 f6 20. Bh4 Qd7 21. Nf3
Bxc3 22. bxc3 Qxb5 23. e5 Qc4 24. exf6 exf6 25. Qb1 Na4 26. Nd2 Qxd5 27. Ne4 f5
28. Nf6+ Nxf6 29. Bxf6 Qf7 30. Re1 Qxf6 31. Qb7 Rf8 32. Qb3+ Rf7 33. Qxa4 Qxc3
34. Qe8+ Kg7 35. Rd1 Qc2 36. Qe1 Rb7 37. Kh2 Qc4 38. Qe3 Rd7 39. Rxd6 Rxd6 40.
Qe7+ Qf7 41. Qxd6 c4 42. Qd4+ Kf8 43. Qc5+ Kg8 44. Qc8+ Kg7 45. Qc6 h5 46. h4
Qe7 47. Qxc4 Qxh4+ 48. Kg1 Qe1+ 49. Kh2 h4 50. Qd4+ Kh7 51. Qa7+ Kh6 52. Qc7
Qe3 53. Kh1 Qg3 54. Qc1 h3 55. gxh3 Qxh3+ 56. Kg1 Qg3+ 57. Kh1 Qf3+ 58. Kg1 Kh5
59. Kh2 Qf2+ 60. Kh3 g5 61. fxg5 f4 62. Qc3 Qf1+ 63. Kh2 f3 64. Qh8+ 1/2-1/2

[Event "4NCL-9899A NWE-BA2"]
[Site "Rd6-Birmingham"]
[Date "1999.01.24"]
[Round "6.5"]
[White "Sheldon, Ruth"]
[Black "Sands, David"]
[Result "1/2-1/2"]
[WhiteElo "2265"]
[BlackElo "2251"]
[PlyCount "24"]
[EventDate "1999.01.24"]

1. d4 d5 2. c4 c6 3. Nf3 Nf6 4. Nc3 e6 5. cxd5 exd5 6. Qc2 g6 7. Bg5 Be7 8. e3
Bf5 9. Bd3 Bxd3 10. Qxd3 O-O 11. O-O Nbd7 12. Rab1 a5 1/2-1/2